01746 a2200181 45000010006000000050017000060080041000230030015000640400040000790800052001192450055001712500012002262640034002383000025002725051226002970410008015231000033015312927520260407155601.0260407a1975 arg spa dAR-UNSa-BCEJYS aAR-UNSa-BCEJYSbspacAR-UNSa-BCEJYS a336.2xIngresos públicos (Derecho tributario)10aCurso de finanzas, derecho financiero y tributario a2a. ed. 1aBuenos Aires :bDepalmac1975 axxii, 691 p.c22 cm. a1. Ciencia de las finanzas y actividad financiera - 2. Los gastos públicos - 3. Los recursos del Estado - 4. Los tributos. El impuesto - 5. Los tributos (cont.). Las tasas. Las contribuciones especiales. Las contribuciones parafiscales - 6. Derecho financiero y derecho tributario - 7. Interpretación y aplicación de la Ley tributaria - 8. Derecho constitucional tributario - 9. Derecho tributario material - 10. Derecho tributario formal - 11. Derecho procesal tributario - 12. Derecho penal tributario - 13. Derecho internacional tributario - 14. Sistema tributario - 15. Impuesto a la renta - 16. Impuesto al patrimonio - 17. Impuesto al enrequecimiento patrimonial a título gratuito - 18. Impuesto inmobiliario - 19. Impuesto a la renta normal potencial de la tierra - 20. Impuestos a la circulación. Impuesto de sellos. Régimen de emisión y registro de documentos. Impuesto de justicia - 21. Impuesto al valor agregado - 22. Impuesto al ejercicio de actividades con fines de lucro. Impuesto a la educación técnica - 23. Impuestos aduaneros - 24. Impuestos internos. El impuestos al gasto - 25. El crédito público - 26. El presupuesto - 27. Política financiera y política fiscal o tributaria aspa1 aVillegas, Héctor Belisario